Making housing affordable (Record no. 110983)

MARC details
000 -LEADER
fixed length control field 01482cad a22002415a 4500
001 - CONTROL NUMBER
control field L150807
008 - FIXED-LENGTH DATA ELEMENTS--GENERAL INFORMATION
fixed length control field 100906s2010 xxk f 000 0 eng d
020 ## - INTERNATIONAL STANDARD BOOK NUMBER
International Standard Book Number 9781906097837
035 ## - SYSTEM CONTROL NUMBER
System control number (Sirsi) u150807
041 0# - LANGUAGE CODE
Language code of text/sound track or separate title eng
050 04 - LIBRARY OF CONGRESS CALL NUMBER
Classification number 306.1 $2 18
100 1# - MAIN ENTRY--PERSONAL NAME
Personal name Morton, Alex
245 00 - TITLE STATEMENT
Title Making housing affordable
Remainder of title a new vision for housing policy
Medium [electronic resource]
260 ## - PUBLICATION, DISTRIBUTION, ETC.
Place of publication, distribution, etc. London
Name of publisher, distributor, etc. Policy Exchange
Date of publication, distribution, etc. 2010
505 2# - FORMATTED CONTENTS NOTE
Formatted contents note Housing expenditure must fall sharply -- Unaffordable housing is an ongoing crisis -- A falling social housing sector -- Why social housing is falling -- Why housing costs and house prices are rising -- Existing solutions won't work a new template is needed -- Making home-ownership affordable by raising the supply of homes -- More equal support for homeowners and rents - Reforming a falling social housing sector -- Broad effect fo these reforms on other areas
520 ## - SUMMARY, ETC.
Summary, etc. Social housing in Uk in crisis. Existing policy failing tenants. Reduce rate at which rents and house prices rise by increasing number of new homs built. Create a path to ownership model and build more affordable housing.
590 ## - LOCAL NOTE (RLIN)
Local note KA NTK
651 40 - SUBJECT ADDED ENTRY--GEOGRAPHIC NAME
Geographic name United Kingdom
Chronological subdivision
690 ## - LOCAL SUBJECT ADDED ENTRY--TOPICAL TERM (OCLC, RLIN)
Topical term or geographic name as entry element PROPERTY-RESIDENTIAL PROPERTY-DOMESTIC RESIDENTIAL PROPERTY-HOUSING
700 1# - ADDED ENTRY--PERSONAL NAME
Personal name Evans, Natalie
Relator term Editor
856 40 - ELECTRONIC LOCATION AND ACCESS
Uniform Resource Identifier <a href="https://www.policyexchange.org.uk/images/publications/pdfs/PX_Housing_WEB.pdf">https://www.policyexchange.org.uk/images/publications/pdfs/PX_Housing_WEB.pdf</a>
Public note View this item free of charge at www.policyexchange.org.uk
942 ## - ADDED ENTRY ELEMENTS (KOHA)
Suppress in OPAC 0
Holdings
Withdrawn status Lost status Source of classification or shelving scheme Damaged status Not for loan Home library Current library Shelving location Date acquired Total Checkouts Full call number Barcode Date last seen Copy number Price effective from Koha item type
    Dewey Decimal Classification     Virtual Virtual Online 06/09/2010   ONLINE PUBLICATION 150807-2001 06/08/2019 1 06/08/2019 Book